| 000 | 00489nam a22001577a 4500 | ||
|---|---|---|---|
| 999 |
_c17688 _d17688 |
||
| 008 | 190522b xxu||||| |||| 00| 0 eng d | ||
| 020 | _a9966724958 | ||
| 040 |
_aKABU _cKABU |
||
| 050 |
_aRA792 _b.P75 2011 c. 1 |
||
| 245 |
_aPrimary mother care and population _cedited by Glen Mola, ...[et al.]. |
||
| 260 |
_aNairobi, Kenya _bAcrodile Publishing Ltd. _c2011 |
||
| 300 | _a? p. | ||
| 650 | _aPrimary care (medicine) | ||
| 700 | _aMola, Glen ...[et al.]. | ||
| 942 |
_2lcc _cBK _hRA792 |
||